Statistics for General Knowledge Quiz #224

Click here to take the quiz!

General Stats

  • This quiz has been taken 28,475 times
  • The average score is 13 of 20

Answer Stats

QuestionAnswer% Correct
Mars has 2. Jupiter has at least 95. Mercury doesn't have any.
What are we talking about?
Moons
89%
What is the largest ride sharing app in the United States?Uber
88%
What prescription drug has a name which starts and ends with X?Xanax
77%
What English word is derived from the first two letters of the Greek alphabet?Alphabet
76%
What was the largest land animal in North America in 20,000 B.C.?Woolly Mammoth
75%
What city's largest red-light district is known as De Wallen?Amsterdam
73%
What part of the body is affected by osteoporosis?Bones / skeleton
73%
Whose many celebrity exes include Jake Gyllenhaal, Calvin Harris, and Harry Styles?
Taylor Swift
73%
What movie character has frequently battled against a global criminal
organization named SPECTRE?
James Bond
67%
Which country suffers at at least 10,000 deaths due to snakebites each year –
by far the most of any country?
India
63%
Whose funeral in 1965 was, at the time, the largest state funeral in British history?Winston Churchill
59%
What ark was Indiana Jones looking for in "Raiders of the Lost Ark"?
Ark of the {Covenant}
57%
What is quartz called when it is purple?Amethyst
56%
Which country do the Azores belong to?Portugal
55%
What traditional Bavarian article of clothing can be translated as "leather shorts"?Lederhosen
52%
Which metallic element has the highest strength/weight ratio?Titanium
51%
Which modern-day country is the largest gold miner in history, responsible for about
22% of the gold ever mined?
South Africa
49%
Which Victor Hugo novel became a Disney animated movie?
The Hunchback of
Notre-Dame
45%
What disease is known as "mono" for short?Mononucleosis
41%
What legendary city in modern-day Turkey was unearthed by archaeologist
Heinrich Schliemann in 1871?
Troy
32%

Score Distribution

Percentile by Number Answered

Percent of People with Each Score

Your Score History

You have not taken this quiz